Short Review of Sanatana Dharma Or Hinduism (Record no. 6639)

MARC details
000 -LEADER
fixed length control field 00417nam a2200157 a 4500
082 00 - DEWEY DECIMAL CLASSIFICATION NUMBER
Classification number 294.5
Author Cutter SHA
100 ## - MAIN ENTRY--AUTHOR NAME
Author name Shastri, Swami Shivananda
245 ## - TITLE STATEMENT
Title Short Review of Sanatana Dharma Or Hinduism
260 ## - PUBLICATION, DISTRIBUTION, ETC. (IMPRINT)
Place of publication Bombay
Name of publisher Arun K Mahta at Vakil & Sons
Year of publication 1968
300 ## - PHYSICAL DESCRIPTION
Number of Pages 397p
500 ## - GENERAL NOTE
General note includes index and biblioraphy
505 2# - FORMATTED CONTENTS NOTE
Formatted contents note Index
650 ## - SUBJECT ADDED ENTRY--TOPICAL TERM
Topical Term Hinduism
942 ## - ADDED ENTRY ELEMENTS (KOHA)
Koha item type Books
700 1# -
-- Shastri, Swami Shivananda
Holdings
Collection code Home library Current library Date acquired Cost, normal purchase price Full call number Accession Number Koha item type
  Henry Martyn Institute Library Henry Martyn Institute Library 07/23/2007 50.00 294.5 SHA 013527 Books
                   Copyright © 2026 | Henry Martyn Institute | Hyderabad | TS-500052 | INDIA | Implemented by hmi.edu.in
Hit-Count:

Powered by Koha